| 000 | 00456nam a2200169 4500 | ||
|---|---|---|---|
| 001 | 108308 | ||
| 003 | ES-MaACL | ||
| 005 | 20250921063030.0 | ||
| 007 | t| | ||
| 008 | 061121s1905 sp r ||||1| ger d | ||
| 100 | 1 |
_aMommsen, Theodor, _d1817-1903 _982081 |
|
| 245 | 1 | 0 |
_aGesammelte Schriften / _cTheodor Mommsen. |
| 260 |
_aBerlĂn : _bWeidmann, _c1905. |
||
| 300 |
_a3v. ; _c24 cm. |
||
| 852 |
_aES-MaACL _jG-176-78 |
||
| 999 |
_c108308 _d108308 |
||